00535nam a2200181 a 4500001001300000003000900013005001700022008004100039020001000080082001800090100002100108245008000129260004600209300000900255500003500264505003600299650001800335nice12345678IN_TiNIC20260116012332.0050524s1972 alia grp 000 0 eng  ac10000a954.0242bBAL aBalmukund, Mehta aLetters of a King-Maker of the Eighteen Century, Balmukund Nama, Eng-Arabic aAligarhbAligarh Muslim University c1972 a136p aincludes index and biblioraphy2 aIndex, Erata English, 64 Arabic aIndia-History